| 000 | 00483cam a2200193ua 4500 | ||
|---|---|---|---|
| 001 | 2821 | ||
| 005 | 20260515113559.0 | ||
| 008 | 110909n ii |||gr||||Z||||||asm | ||
| 040 | _cMAIN | ||
| 082 | _a891.4512 | ||
| 100 | 1 | _aBharali, S., | |
| 245 | 1 | 1 |
_aTragic outlook in assamese drama _cby S. Bharali |
| 250 | _a1st. | ||
| 260 |
_aDelhi: _bJain book depot,980. |
||
| 300 |
_a160p: _c23cm. |
||
| 653 | _aTragic outlook in assamese drama | ||
| 653 | _aAssamese drama | ||
| 942 | _cBK | ||
| 999 |
_c2668 _d2668 |
||